ảnh hưởng của nhiệt độ sấy lúa trên đường nứt và phẩm chất gạo xay
Tallennettuna:
| Päätekijä: | |
|---|---|
| Aineistotyyppi: | Kirja |
| Kieli: | Undetermined |
| Julkaistu: |
Cần Thơ
Viện Đại học Cần Thơ - Trường Cao Đẳng Nông Nghiệp
1973
|
| Aiheet: | |
| Tagit: |
Lisää tagi
Ei tageja, Lisää ensimmäinen tagi!
|
| Thư viện lưu trữ: | Trung tâm Học liệu Trường Đại học Cần Thơ |
|---|
| LEADER | 00656nam a2200181Ia 4500 | ||
|---|---|---|---|
| 001 | CTU_33492 | ||
| 008 | 210402s9999 xx 000 0 und d | ||
| 082 | |a 633.18 | ||
| 082 | |b V121 | ||
| 100 | |a Mai Văn Vẫn | ||
| 245 | 0 | |a ảnh hưởng của nhiệt độ sấy lúa trên đường nứt và phẩm chất gạo xay | |
| 245 | 0 | |c Mai Văn Vẫn | |
| 260 | |a Cần Thơ | ||
| 260 | |b Viện Đại học Cần Thơ - Trường Cao Đẳng Nông Nghiệp | ||
| 260 | |c 1973 | ||
| 650 | |a rice - drying,rice - processing | ||
| 904 | |i Minh, 991101 | ||
| 980 | |a Trung tâm Học liệu Trường Đại học Cần Thơ | ||